Welches Land passt nicht? - Statistiken

Allgemein
  • Dieses Quiz wurde 160 mal gespielt
  • Das Durchschnittsergebnis liegt bei 11 aus 15
Antwortstatistiken
Frage Antwort % Korrekt
Nachbarländer Deutschlands Italien
96%
Skandinavische Länder Kanada
96%
Länder in Südamerika Guatemala
94%
Europäische Inselstaaten Monaco
94%
Länder mit Portugiesisch als Amtssprache Argentinien
85%
Alpenländer Slowakei
83%
Länder, über die sich die Sahara erstreckt Äthiopien
77%
EU-Gründungsmitglieder Österreich
76%
Länder, mit Gebiet auf der Iberischen Halbinsel Marokko
71%
Länder, die zu Jugoslawien gehörten Albanien
61%
Asiatische Länder mit mehr als 1.000.000km² Fläche Pakistan
55%
Länder am Persischen Golf Jemen
53%
Länder, durch die die Donau fließt Tschechien
50%
Länder mit mehreren Hauptstädten Kasachstan
47%
Länder, die 5 Mal oder öfter beim ESC gewannen Israel
40%
Keine übereinstimmenden Quizze gefunden
Verteilung der Resultate
Anzahl Personen mit jedem Resultat
Perzentil nach korrekt beantworteten Fragen
Ihre Resultats-Entwicklung
Sie haben dieses Quiz noch nicht gespielt